000 00615nam a2200205Ia 4500
005 20260114185857.0
008 008 260114s9999 xx 000 0 eng d
020 _a9781509964345
037 _aEBOOK
040 _aCRL
_beng
_cCRL
041 _aeng
_2eng
084 _qCRL
100 _aAnton Asoskov, Daria Levina, and Milana Karayanidi
_9875519
245 0 _aPrivate International Law in Russia
260 _bBloomsbury
_c2024
650 _aLaw
_9875520
856 _uhttps://doi.org/10.5040/9781509964345?locatt=label:secondary_bloomsburyCollections
942 _cEBOOK
999 _c1474410
_d1474410